000 00610cam a2200217 a 4500
001 000008298
005 20200929161326.0
008 931105s1994 sp 000 1 spa d
020 _a8433920766
040 _aDO-SdBNP
_cFMU
_dDLC
050 0 4 _aPQ6666.U35
_bT63 1988
082 _ann*
_bP977t, 1994
100 1 _aPuértolas, Soledad.
_922447
245 1 0 _aTodos mienten /
_cSoledad Puértolas.
250 _a2a ed.
260 _aBarcelona :
_bAnagrama,
_c1994.
300 _a186 p. ;
_c20 cm.
490 1 _aCompactos
_vno. 72
830 0 _aCompactos ;
_vno. 72
_922448
910 _aCatalogación por copia / LC
999 _c8069
_d8069